[Event "Cerdanyola del Valles op 24th"]
[Site "Cerdanyola del Valles"]
[Date "2016.11.12"]
[Round "6"]
[White "Penalver Guardia, Josep"]
[Black "De Paz San Martin, Jose Angel"]
[Result "0-1"]
[WhiteElo "1660"]
[BlackElo "1977"]
[PlyCount "100"]
[EventDate "2016.10.01"]
[EventType "swiss"]
[EventRounds "8"]
[EventCountry "ESP"]
[SourceTitle "EXT 2018"]
[Source "ChessBase"]
[SourceDate "2017.10.13"]
[SourceVersion "1"]
[SourceVersionDate "2017.10.13"]
[SourceQuality "1"]

1. d4 Nf6 2. c4 e6 3. Nc3 d5 4. Bg5 Nbd7 5. e3 c6 6. cxd5 exd5 7. Bd3 Bd6 8. Rc1 0-0 9. Bh4 Qa5 10. Bg3 Bb4 11. Nge2 Ne4 12. Bxe4 dxe4 13. 0-0 Nf6 14. a3 Bxc3 15. Nxc3 Be6 16. Be5 Ng4 17. Nxe4 Nxe5 18. Rc5 Qb6 19. Rxe5 Qxb2 20. Rg5 f6 21. Rg3 Qxa3 22. Nc5 Bc8 23. Qh5 b6 24. Qh6 Rf7 25. Ne4 Qe7 26. f3 Bf5 27. Qf4 Bxe4 28. fxe4 a5 29. Rb1 b5 30. Rh3 a4 31. Qf5 g6 32. Qf3 a3 33. e5 Ra6 34. Qg4 f5 35. Qe2 Rb6 36. e4 b4 37. exf5 Rxf5 38. Rxa3 bxa3 39. Rxb6 Qa7 40. Qc4+ Rf7 41. Ra6 Qe7 42. Rxc6 Qb7 43. h3 a2 44. Rc8+ Kg7 45. Qxa2 Qxc8 46. e6 Rf5 47. Qa7+ Kf6 48. Qf7+ Kg5 49. Qxh7 Qxe6 50. Kh2 Qd6+ 0-1

[Event "Sant Adria de Besos op 11th"]
[Site "Sant Adria de Besos"]
[Date "2015.06.07"]
[Round "7.17"]
[White "Penalver Guardia, Josep"]
[Black "Febrero Perez, Lluis"]
[Result "1-0"]
[WhiteElo "1887"]
[BlackElo "1841"]
[PlyCount "75"]
[EventDate "2015.04.12"]
[EventType "swiss"]
[EventRounds "9"]
[EventCountry "ESP"]
[SourceTitle "EXT 2024"]
[Source "ChessBase"]
[SourceDate "2023.10.10"]
[SourceVersion "1"]
[SourceVersionDate "2023.10.10"]
[SourceQuality "1"]

1. Nf3 Nc6 2. d4 e6 3. e4 g6 4. Bd3 Bg7 5. c3 Nge7 6. 0-0 0-0 7. Bf4 d6 8. e5 b6 9. Nbd2 dxe5 10. Bg5 exd4 11. Be4 f6 12. Bh4 dxc3 13. bxc3 Rb8 14. Qe2 Nd5 15. Rac1 Nce7 16. Rfe1 Bb7 17. Bxd5 Nxd5 18. Qxe6+ Kh8 19. Ne5 Qe8 20. Nd7 Qxe6 21. Rxe6 Nf4 22. Nxf8 Rxf8 23. Re7 Bxg2 24. Bg3 Nd3 25. Rc2 Bd5 26. Ne4 Ne1 27. Rc1 Nf3+ 28. Kf1 f5 29. Rd1 Bxe4 30. Rdd7 Rg8 31. h4 h5 32. Ke2 Kh7 33. Rxc7 a5 34. a4 Kh6 35. Bf4+ g5 36. hxg5+ Kg6 37. Re6+ Kh7 38. Rh6# 1-0

[Event "Sant Adria de Besos op 11th"]
[Site "Sant Adria de Besos"]
[Date "2015.04.12"]
[Round "1.3"]
[White "Penalver Guardia, Josep"]
[Black "Vazquez Gamero, Miguel"]
[Result "0-1"]
[WhiteElo "1887"]
[BlackElo "2212"]
[PlyCount "49"]
[EventDate "2015.04.12"]
[EventType "swiss"]
[EventRounds "9"]
[EventCountry "ESP"]
[SourceTitle "EXT 2024"]
[Source "ChessBase"]
[SourceDate "2023.10.10"]
[SourceVersion "1"]
[SourceVersionDate "2023.10.10"]
[SourceQuality "1"]

1. d4 Nf6 2. Nf3 e6 3. c4 Bb4+ 4. Bd2 Qe7 5. a3 Bxd2+ 6. Nbxd2 d6 7. e4 e5 8. d5 0-0 9. Be2 Nbd7 10. 0-0 a5 11. b4 Nb6 12. Qc2 Bg4 13. Rfe1 Nh5 14. c5 Nd7 15. cxd6 cxd6 16. h3 Bxf3 17. Nxf3 Nf4 18. Bf1 Rac8 19. Qd2 axb4 20. axb4 Nf6 21. g3 Ng6 22. Qe3 Qc7 23. Kg2 Nh5 24. Ra7 Nhf4+ 25. gxf4 0-1

[Event "Sant Adria de Besos op 09th"]
[Site "Sant Adria de Besos"]
[Date "2013.04.14"]
[Round "1"]
[White "Penalver Guardia, Josep"]
[Black "Lacasta Palacio, Joaquim"]
[Result "0-1"]
[WhiteElo "1772"]
[BlackElo "2162"]
[PlyCount "74"]
[EventDate "2013.04.14"]
[EventType "swiss"]
[EventRounds "9"]
[EventCountry "ESP"]
[SourceTitle "EXT 2015"]
[Source "ChessBase"]
[SourceDate "2014.11.20"]
[SourceVersion "1"]
[SourceVersionDate "2014.11.20"]
[SourceQuality "1"]

1. d4 e6 2. c4 Bb4+ 3. Bd2 Qe7 4. a3 Bxd2+ 5. Nxd2 d6 6. e4 e5 7. d5 a5 8. Be2 Nf6 9. Ngf3 0-0 10. 0-0 a4 11. Ne1 Nbd7 12. Nd3 Nc5 13. Nxc5 dxc5 14. h3 Ra6 15. Qc2 Ne8 16. f4 exf4 17. Rxf4 Qg5 18. Rf3 Rg6 19. Bf1 Nd6 20. Re1 Re8 21. Qc3 Qe5 22. Qxe5 Rxe5 23. b4 axb3 24. Rxb3 b6 25. Kh2 Rf6 26. Bd3 Rf2 27. Nf3 Re8 28. Kg1 Ra2 29. Bb1 Ra1 30. Nd2 Kf8 31. Kf2 Ba6 32. e5 Nxc4 33. Nxc4 Bxc4 34. Rbe3 Bxd5 35. g3 Be6 36. g4 Ra8 37. Bf5 R1xa3 0-1

[Event "Cerdanyola del Valles op 30th"]
[Site "Cerdanyola del Valles"]
[Date "2012.11.10"]
[Round "6"]
[White "Lozano Diaz, Antoni"]
[Black "Penalver Guardia, Josep"]
[Result "1/2-1/2"]
[WhiteElo "1916"]
[BlackElo "1737"]
[PlyCount "34"]
[EventDate "2012.09.29"]
[EventType "swiss"]
[EventRounds "8"]
[EventCountry "ESP"]
[SourceTitle "EXT 2014"]
[Source "ChessBase"]
[SourceDate "2013.11.20"]
[SourceVersion "1"]
[SourceVersionDate "2013.11.20"]
[SourceQuality "1"]

1. d4 d5 2. c4 c6 3. e3 Nf6 4. Qc2 g6 5. cxd5 Bf5 6. Qb3 Qb6 7. Qxb6 axb6 8. dxc6 bxc6 9. Nf3 Bxb1 10. Rxb1 Rxa2 11. Bc4 Ra7 12. 0-0 Bg7 13. Bd2 0-0 14. Ra1 Rxa1 15. Rxa1 Ne4 16. Bc1 Rd8 17. Kf1 e6 1/2-1/2

[Event "Cerdanyola del Valles op-A 29th"]
[Site "Cerdanyola del Valles"]
[Date "2011.11.05"]
[Round "5"]
[White "Collell Rodriguez, Victor"]
[Black "Penalver Guardia, Josep"]
[Result "0-1"]
[WhiteElo "1658"]
[BlackElo "1740"]
[PlyCount "79"]
[EventDate "2011.10.01"]
[EventType "swiss"]
[EventRounds "8"]
[EventCountry "ESP"]
[SourceTitle "EXT 2013"]
[Source "ChessBase"]
[SourceDate "2012.11.22"]
[SourceVersion "1"]
[SourceVersionDate "2012.11.22"]
[SourceQuality "1"]

1. e4 e6 2. Nc3 d5 3. Nf3 Nf6 4. e5 Nfd7 5. d4 c5 6. dxc5 Nc6 7. Bf4 Nxc5 8. Be2 a6 9. 0-0 Be7 10. a3 Qc7 11. Re1 b5 12. Qd2 Bb7 13. Rad1 Rc8 14. Bf1 h6 15. Bg3 Rd8 16. Nd4 0-0 17. f4 Nxd4 18. Qxd4 Na4 19. Nxa4 bxa4 20. Qxa4 a5 21. Qb3 Rb8 22. Qd3 Qb6+ 23. Kh1 Qxb2 24. Rb1 Qxa3 25. Qxa3 Bxa3 26. Ra1 Bb2 27. Ra2 Bc3 28. Rd1 d4 29. Bd3 Bd5 30. Ra3 Rb2 31. Bf2 Rfb8 32. Raa1 R2b7 33. Rac1 a4 34. Be1 a3 35. Bxc3 dxc3 36. f5 a2 37. Ra1 Rb1 38. fxe6 Bxe6 39. h4 Rxd1+ 40. Rxd1 0-1

[Event "Cerdanyola del Valles op-A 29th"]
[Site "Cerdanyola del Valles"]
[Date "2011.10.08"]
[Round "2"]
[White "Martin Perez, Laura"]
[Black "Penalver Guardia, Josep"]
[Result "1-0"]
[WhiteElo "1949"]
[BlackElo "1740"]
[PlyCount "61"]
[EventDate "2011.10.01"]
[EventType "swiss"]
[EventRounds "8"]
[EventCountry "ESP"]
[SourceTitle "EXT 2013"]
[Source "ChessBase"]
[SourceDate "2012.11.22"]
[SourceVersion "1"]
[SourceVersionDate "2012.11.22"]
[SourceQuality "1"]

1. b3 Nf6 2. Bb2 c5 3. e3 Nc6 4. f4 Qc7 5. Nf3 d6 6. Be2 Bg4 7. 0-0 e6 8. d3 Be7 9. e4 Bxf3 10. Bxf3 Nd4 11. Nd2 a6 12. c3 Nxf3+ 13. Qxf3 e5 14. d4 cxd4 15. cxd4 0-0 16. dxe5 dxe5 17. Bxe5 Qa5 18. Nc4 Qc5+ 19. Kh1 b5 20. Ne3 Rad8 21. Rac1 Qa3 22. Nf5 Rfe8 23. Rc7 Kf8 24. Qg3 g6 25. Nxe7 Rxe7 26. Bxf6 Rxc7 27. Bxd8 Rc2 28. Qd3 Qxa2 29. Bf6 Rd2 30. Qc3 Rc2 31. Rd1 1-0

[Event "Sant Adria 6th"]
[Site "Sant Adria de Besos"]
[Date "2010.04.11"]
[Round "1"]
[White "Marches Rios, Joan Manuel"]
[Black "Penalver Guardia, Josep"]
[Result "0-1"]
[WhiteElo "2182"]
[BlackElo "1758"]
[PlyCount "54"]
[EventDate "2010.04.11"]
[EventType "swiss"]
[EventRounds "8"]
[EventCountry "ESP"]
[SourceTitle "EXT 2024"]
[Source "ChessBase"]
[SourceDate "2023.10.10"]
[SourceVersion "1"]
[SourceVersionDate "2023.10.10"]
[SourceQuality "1"]

1. d4 d5 2. c4 e6 3. Nc3 Be7 4. Nf3 c6 5. e4 dxe4 6. Nxe4 Nf6 7. Bd3 Nbd7 8. 0-0 Nxe4 9. Bxe4 Nf6 10. Bc2 b6 11. Bg5 Bb7 12. Qd3 Qc7 13. Ne5 Rd8 14. Rfe1 a6 15. Rad1 b5 16. c5 Bxc5 17. Qe3 Be7 18. Qh3 c5 19. dxc5 Rxd1 20. Bxd1 Bxc5 21. Bxf6 gxf6 22. Ng4 Qf4 23. Ne3 Rg8 24. Qxh7 Rg6 25. g3 Qe4 26. f3 Bxe3+ 27. Kg2 Rxg3+ 0-1

[Event "Castellar op 16th"]
[Site "Castellar"]
[Date "2007.07.21"]
[Round "6"]
[White "Burgos Figueroa, Carlos Ernesto"]
[Black "Penalver Guardia, Josep"]
[Result "1/2-1/2"]
[WhiteElo "2237"]
[BlackElo "1934"]
[PlyCount "88"]
[EventDate "2007.07.13"]
[EventType "swiss"]
[EventRounds "9"]
[EventCountry "ESP"]
[SourceTitle "CBM 119 Extra"]
[Source "ChessBase"]
[SourceDate "2007.09.04"]
[SourceVersion "1"]
[SourceVersionDate "2007.09.04"]
[SourceQuality "1"]

1. e4 e6 2. d4 d5 3. exd5 exd5 4. Nc3 Nc6 5. Bd3 Bb4 6. Nge2 Nge7 7. Bf4 Bf5 8. Qd2 a6 9. f3 Qd7 10. g4 Bxd3 11. Qxd3 h5 12. 0-0-0 0-0-0 13. h3 Bd6 14. Kb1 Kb8 15. Bxd6 Qxd6 16. Na4 Ka7 17. Nc5 Nb8 18. Qa3 b6 19. Nc3 c6 20. Nd3 Qxa3 21. bxa3 Nd7 22. f4 c5 23. Rhe1 Nc6 24. Nxd5 hxg4 25. hxg4 cxd4 26. N3b4 Ndb8 27. Nxc6+ Nxc6 28. Nb4 Kb7 29. Nxc6 Kxc6 30. Re7 Rh4 31. Rxf7 Rxg4 32. Rd3 Rd5 33. a4 a5 34. Rd2 b5 35. Kb2 Rg3 36. Rd3 Rg1 37. c3 Rg2+ 38. Ka3 b4+ 39. cxb4 axb4+ 40. Kb3 Rf2 41. Rf8 g5 42. Rf6+ Kb7 43. fxg5 Rxf6 44. gxf6 Rf5 1/2-1/2

[Event "Castellar op 16th"]
[Site "Castellar"]
[Date "2007.07.17"]
[Round "2"]
[White "Penalver Guardia, Josep"]
[Black "Rios Parra, Alejandro"]
[Result "0-1"]
[WhiteElo "1934"]
[BlackElo "2341"]
[PlyCount "40"]
[EventDate "2007.07.13"]
[EventType "swiss"]
[EventRounds "9"]
[EventCountry "ESP"]
[SourceTitle "CBM 119 Extra"]
[Source "ChessBase"]
[SourceDate "2007.09.04"]
[SourceVersion "1"]
[SourceVersionDate "2007.09.04"]
[SourceQuality "1"]

1. d4 Nf6 2. Nf3 e6 3. c4 c5 4. Nc3 a6 5. e3 b6 6. Bd3 Bb7 7. 0-0 Be7 8. Re1 0-0 9. e4 cxd4 10. Nxd4 d6 11. Bg5 Nbd7 12. Qe2 Rc8 13. Rad1 Ne5 14. f4 Nxd3 15. Rxd3 Rxc4 16. Bxf6 Bxf6 17. e5 Be7 18. Qh5 dxe5 19. fxe5 Rxd4 20. Rh3 Rh4 0-1

[Event "Barcelona Escacs CC tt"]
[Site "Barcelona"]
[Date "2007.05.12"]
[Round "5"]
[White "Ruiz Manchon, Francesco Xavier"]
[Black "Penalver Guardia, Josep"]
[Result "1-0"]
[WhiteElo "2093"]
[BlackElo "1943"]
[PlyCount "97"]
[EventDate "2007.04.14"]
[EventType "team-tourn"]
[EventRounds "7"]
[EventCountry "ESP"]
[SourceTitle "EXT 2009"]
[Source "ChessBase"]
[SourceDate "2008.11.26"]
[SourceVersion "1"]
[SourceVersionDate "2008.11.26"]
[SourceQuality "1"]

1. e4 e6 2. d3 d5 3. Nd2 c5 4. Ngf3 Nc6 5. g3 Be7 6. Bg2 Nf6 7. 0-0 0-0 8. e5 Nd7 9. Re1 Qc7 10. Qe2 b6 11. h4 Bb7 12. Nf1 d4 13. Bf4 Nb4 14. N1h2 Rad8 15. h5 h6 16. g4 Rfe8 17. g5 hxg5 18. Nxg5 Nf8 19. Bxb7 Qxb7 20. Ne4 Nh7 21. a3 Nd5 22. Qf3 Rd7 23. Bd2 Qb8 24. Ng4 Qd8 25. Kh1 Bg5 26. Qg3 Bxd2 27. Nxd2 f5 28. exf6 Nhxf6 29. Ne5 Nxh5 30. Qg4 Ndf6 31. Qg5 Rd5 32. f4 Rf8 33. Re2 Qa8 34. Rg2 Qb7 35. Rag1 Rf7 36. Rf1 a5 37. Rf3 a4 38. Rh3 Kf8 39. Rxh5 Nxh5 40. Qxh5 Kg8 41. Qxf7+ Qxf7 42. Nxf7 Kxf7 43. Rg5 Kf6 44. Ne4+ Kf7 45. Rxd5 exd5 46. Ng5+ Ke7 47. Kg2 b5 48. Kf3 c4 49. dxc4 1-0

[Event "Catalunya-ch"]
[Site "Barcelona"]
[Date "2007.04.07"]
[Round "7"]
[White "Gonzalez Garcia, Sergi"]
[Black "Penalver Guardia, Josep"]
[Result "1-0"]
[WhiteElo "1874"]
[BlackElo "1943"]
[PlyCount "109"]
[EventDate "2007.04.01"]
[EventType "swiss"]
[EventRounds "9"]
[EventCountry "ESP"]
[SourceTitle "CBM 117 Extra"]
[Source "ChessBase"]
[SourceDate "2007.05.09"]
[SourceVersion "1"]
[SourceVersionDate "2007.05.09"]
[SourceQuality "1"]

1. e4 e6 2. d4 d5 3. Nd2 dxe4 4. Nxe4 Nd7 5. Nf3 Ngf6 6. Bg5 Be7 7. Bd3 Nxe4 8. Bxe7 Qxe7 9. Bxe4 Nf6 10. Bd3 Qb4+ 11. Qd2 Qxb2 12. 0-0 h6 13. Rfb1 Qa3 14. Rb4 a5 15. Rb3 Qd6 16. Ne5 a4 17. Rb4 0-0 18. c4 c5 19. Rb5 cxd4 20. Nf3 b6 21. Rab1 Ra6 22. Qb2 a3 23. Qe2 Bd7 24. R5b4 Qf4 25. Nxd4 Ra5 26. Nf3 Bc6 27. c5 Bxf3 28. gxf3 Qg5+ 29. Kh1 Rxc5 30. Bc2 Rfc8 31. Bd1 Nd5 32. Rg4 Qf6 33. Qd3 Qc3 34. Qf1 Qf6 35. Be2 Nc3 36. Rxb6 Nxe2 37. Qxe2 Rc1+ 38. Kg2 R1c2 39. Qa6 R2c3 40. Rg3 h5 41. Rb3 h4 42. Rxc3 Rxc3 43. Qa8+ Kh7 44. Qe4+ Qf5 45. Qxh4+ Kg8 46. Qd8+ Kh7 47. Rh3+ Kg6 48. Rg3+ Kh7 49. Qf8 Qf6 50. Rh3+ Kg6 51. Qh8 Kf5 52. Qh5+ Qg5+ 53. Qg4+ Kf6 54. Qxg5+ Kxg5 55. f4+ 1-0

[Event "Catalunya-ch"]
[Site "Barcelona"]
[Date "2007.04.05"]
[Round "5"]
[White "Padros Martinez, Albert"]
[Black "Penalver Guardia, Josep"]
[Result "0-1"]
[WhiteElo "1861"]
[BlackElo "1943"]
[PlyCount "120"]
[EventDate "2007.04.01"]
[EventType "swiss"]
[EventRounds "9"]
[EventCountry "ESP"]
[SourceTitle "CBM 117 Extra"]
[Source "ChessBase"]
[SourceDate "2007.05.09"]
[SourceVersion "1"]
[SourceVersionDate "2007.05.09"]
[SourceQuality "1"]

1. f4 d5 2. Nf3 Nf6 3. b3 c5 4. Bb2 e6 5. e3 Be7 6. Ne5 a6 7. g4 Ne4 8. g5 Bxg5 9. fxg5 Qxg5 10. Qg4 Qf6 11. Qf4 Qxf4 12. exf4 f6 13. Nd3 Nc6 14. Bg2 Nd4 15. Na3 b6 16. 0-0-0 Bb7 17. Rde1 0-0-0 18. Bxd4 cxd4 19. Nb2 Rhe8 20. Bxe4 dxe4 21. Rhg1 Re7 22. Nac4 b5 23. Na5 Ba8 24. Rg3 Kc7 25. a4 Kb6 26. b4 Bd5 27. c4 dxc3 28. Rxc3 Rc7 29. Ree3 Rdc8 30. Rxc7 Rxc7+ 31. Rc3 Rxc3+ 32. dxc3 e5 33. fxe5 f5 34. Kd2 g5 35. c4 Be6 36. c5+ Kc7 37. axb5 axb5 38. Nd1 f4 39. Nc3 e3+ 40. Ke1 f3 41. Nd1 f2+ 42. Nxf2 exf2+ 43. Kxf2 h5 44. Ke3 Bd5 45. Kd4 Be6 46. Ke4 h4 47. Kd4 h3 48. Ke4 Kd7 49. Nb7 Bd5+ 50. Kxd5 g4 51. e6+ Ke7 52. c6 g3 53. c7 gxh2 54. c8Q h1Q+ 55. Ke5 Qe1+ 56. Kd5 Qd2+ 57. Kc6 h2 58. Qc7+ Kf6 59. Qf7+ Kg5 60. Qf3 Qc1+ 0-1

[Event "Calvia Seniors op"]
[Site "Calvia"]
[Date "2006.10.20"]
[Round "1"]
[White "Hutchinson, Paul A"]
[Black "Penalver Guardia, Josep"]
[Result "1-0"]
[WhiteElo "2178"]
[BlackElo "1918"]
[PlyCount "115"]
[EventDate "2006.10.20"]
[EventType "swiss"]
[EventRounds "9"]
[EventCountry "ESP"]
[SourceTitle "EXT 2007"]
[Source "ChessBase"]
[SourceDate "2006.11.23"]
[SourceVersion "1"]
[SourceVersionDate "2006.11.23"]
[SourceQuality "1"]

1. e4 e6 2. d4 d5 3. Nc3 dxe4 4. Nxe4 Nd7 5. Nf3 Ngf6 6. Bg5 Be7 7. Nxf6+ Nxf6 8. Bc4 Bd7 9. Qe2 Nd5 10. Bxe7 Nxe7 11. 0-0 Bc6 12. Rad1 Bxf3 13. Qxf3 c6 14. Rfe1 Nd5 15. Re5 Qd6 16. c3 Rd8 17. Rde1 Rd7 18. Qg4 0-0 19. Bd3 g6 20. Qf3 a6 21. h4 h5 22. g4 hxg4 23. Qxg4 Nf6 24. Qg2 Kh8 25. R1e3 Qe7 26. h5 gxh5 27. Kf1 Rg8 28. Rg3 Rd5 29. Rxg8+ Nxg8 30. Qe4 Nf6 31. Qh4 Kg7 32. Qg5+ Kf8 33. Qh6+ Ke8 34. Qh8+ Kd7 35. Qb8 Qd8 36. Qxb7+ Qc7 37. Qxc7+ Kxc7 38. Bxa6 Rxe5 39. dxe5 Ng4 40. f4 f6 41. Be2 f5 42. Kg2 c5 43. Kg3 Kb6 44. Bc4 Ne3 45. Bxe6 Nd1 46. Bxf5 Nxb2 47. Bc2 Nc4 48. Kh4 Ne3 49. Be4 Nd1 50. c4 Nc3 51. Bd3 Nxa2 52. f5 Kc7 53. f6 Kd8 54. e6 Nc1 55. e7+ Kd7 56. Bf5+ Ke8 57. Bg6+ Kd7 58. e8Q+ 1-0

[Event "Barbera del Valles op B 29th"]
[Site "Barbera del Valles"]
[Date "2006.07.05"]
[Round "1"]
[White "Penalver Guardia, Josep"]
[Black "Martinez Hernandez, Emili"]
[Result "0-1"]
[WhiteElo "1928"]
[BlackElo "1863"]
[PlyCount "68"]
[EventDate "2006.07.05"]
[EventType "swiss"]
[EventRounds "9"]
[EventCountry "ESP"]
[SourceTitle "EXT 2022"]
[Source "ChessBase"]
[SourceDate "2021.10.06"]
[SourceVersion "1"]
[SourceVersionDate "2021.10.06"]
[SourceQuality "1"]

1. d4 Nf6 2. c4 e6 3. Nc3 d5 4. Nf3 c6 5. Bg5 Nbd7 6. e3 Bb4 7. Qc2 Qa5 8. Bxf6 Nxf6 9. Nd2 Be7 10. Bd3 h6 11. 0-0 0-0 12. Nf3 dxc4 13. Bxc4 Rd8 14. a3 c5 15. dxc5 Qxc5 16. Be2 Nd5 17. Rac1 Nxc3 18. Qxc3 Qxc3 19. Rxc3 Bf6 20. Rc2 Bd7 21. b3 Bc6 22. h3 Rd7 23. a4 Rad8 24. Rfc1 Be4 25. Rc8 a6 26. Kf1 Kf8 27. Ke1 Bc6 28. Rxd8+ Rxd8 29. g3 Ke7 30. Nd2 Bb2 31. Rc2 Ba3 32. Bxa6 Bb4 33. Be2 Be4 34. Ra2 Bc3 0-1